Welcome to the Holygrace Academy Library

Please use search bar below to get started

VINCENT VAN GOGH (Record no. 5874)

MARC details
000 -LEADER
fixed length control field 00293nam a22001337a 4500
020 ## - INTERNATIONAL STANDARD BOOK NUMBER
ISBN 978-9-351-03809-2
082 ## - DEWEY DECIMAL CLASSIFICATION NUMBER
Classification number 920
Item number VEN/V
100 ## - MAIN ENTRY--AUTHOR NAME
Personal name VENEZIA, MIKE
245 ## - TITLE STATEMENT
Title VINCENT VAN GOGH
260 ## - PUBLICATION, DISTRIBUTION, ETC. (IMPRINT)
Place of publication NEW YORK
Name of publisher SCHOLASTIC
300 ## - PHYSICAL DESCRIPTION
Number of Pages 32
650 ## - SUBJECT ADDED ENTRY--TOPICAL TERM
Topical Term BIOGRAPHY
Geographic subdivision UNITED STATES
942 ## - ADDED ENTRY ELEMENTS (KOHA)
Koha item type Books
Holdings
Withdrawn status Lost status Collection code Home library Current library Shelving location Date acquired Source of acquisition Full call number Accession Number Koha item type
    Non-fiction Main Library Main Library SHELF 15F -I GET IT,BIOGRAPHY FOR CHILDREN (IMPULSE GREAT PEOPLE 06/10/2015 purchase 920 VEN/V 03955 Books